Training for total quality management

Αποθηκεύτηκε σε:
Λεπτομέρειες βιβλιογραφικής εγγραφής
Κύριος συγγραφέας: Jeffries, David
Άλλοι συγγραφείς: Reynolds, Peter, Evans, Bill
Μορφή: Βιβλίο
Γλώσσα:English
Δημοσίευση: London : Kogan Page, c1996
Έκδοση:2nd ed.
Σειρά:Kogan Page practical trainer series
Θέματα:
Ετικέτες: Προσθήκη ετικέτας
Δεν υπάρχουν, Καταχωρήστε ετικέτα πρώτοι!

MARC

LEADER 00000nam a2200000 i 4500
001 1/51973
008 980312s1996 eng d
020 |a 0749420669 
035 |l 10027262 
040 |a GR-MY-UA  |b gre  |e aacr 
041 0 |a eng 
082 0 |a 658.562 
100 1 |a Jeffries, David. 
245 1 0 |a Training for total quality management /  |c David Jeffries, Peter Reynolds, Bill Evans 
250 |a 2nd ed. 
260 |a London :   |b Kogan Page,   |c c1996 
300 |a xiii, 145 σ. 
490 1 |a Kogan Page practical trainer series 
504 |a Περιλαμβάνει ευρετήριο 
650 0 0 |a Total quality management. 
700 1 |a Reynolds, Peter. 
700 1 |a Evans, Bill. 
830 0 |a Kogan Page practical trainer series 
852 |a INST  |b CHIOS  |e 19980312  |h 658.562 JEF  |p 005200009737  |q 005200009737  |t BK  |y 0 
901 |a BIBL-1997-3 
909 |a Χ  |b 054029 
922 |a 2ΕΛΗ  |b 199802  |c ΤΔΕ  |d ΠΑΠΑΣΩΤΗΡΙΟΥ